000 00423nam a22001697a 4500
005 20180321131149.0
008 160519b xxu||||| |||| 00| 0 eng d
020 _a0-19-567693-9
041 _aeng
082 _b3240
_a338.5024658
100 _aSuma, Damodaran
_94222
245 _aManagerial Economics
260 _aNew Delhi
_bOxford University Press
_c2008
300 _a473
650 _aManagement
_9241
942 _cBK
999 _c1101
_d1101